Music Quiz

Random Music or Clickable Quiz
Score 0/32 Timer 09:00
4 Plays Today
% Correct
true
88.1%
blue
87.3%
too
87.1%
who
87.1%
to
86.2%
chew
86.1%
clue
85.9%
few
85.7%
threw
84.6%
new
83.8%
grew
83.8%
knew
83.6%
crew
83%
two
82.4%
view
82.2%
through
81.2%
% Correct
flu
80.7%
brew
79.2%
due
78.9%
blew
78.5%
do
78.5%
dew
77.8%
shoe
76.2%
cue
76.1%
queue
74.6%
sue
74.5%
hue
73.3%
you
71.6%
screw
70.6%
flew
64.3%
drew
64.1%
glue
59.2%
Remove Ads.
Support Sporcle.
Get the best of Sporcle when you Go Orange. This ad-free experience offers more features, more stats, and more fun while also helping to support Sporcle. Thank you for becoming a member.

You're not logged in!

Compare scores with friends on all Sporcle quizzes.
OR
Log In

Show Comments

Extras

Top Quizzes Today


Score Distribution

Your Account Isn't Verified!

In order to create a playlist on Sporcle, you need to verify the email address you used during registration. Go to your Sporcle Settings to finish the process.

Report this User

Report this user for behavior that violates our Community Guidelines.

Details: